| 000 | 00519nam a2200181Ia 4500 | ||
|---|---|---|---|
| 003 | OSt | ||
| 005 | 20260328094837.0 | ||
| 008 | 211028s2009 xx 000 0 und d | ||
| 040 | _cAIMIT LIBRARY | ||
| 041 | _aeng | ||
| 082 | _a658.8 GONS | ||
| 100 |
_aGonsalves, Sharon William;Wright, Rowena. _g716107 _96337 |
||
| 245 | _aSwot analysis of AUDI and after sales satisfaction in jubilant motors / | ||
| 260 |
_bWright, Rowena _c2009 |
||
| 600 |
_aMarketing _96338 |
||
| 650 |
_aMarketing _96339 |
||
| 942 |
_2ddc _cPRO |
||
| 999 |
_c218204 _d218204 |
||